Информатика: электронный курс

Bibliographische Detailangaben
1. Verfasser: Васильева Т. В. Татьяна Викторовна
Körperschaft: Национальный исследовательский Томский политехнический университет Институт международного образования и языковой коммуникации Кафедра междисциплинарная
Weitere Verfasser: Полякова Н. С. Наталья Сергеевна
Zusammenfassung:Заглавие с экрана
Курс «Информатика» направлен на выполнение рабочей программы дисциплины «Информатика» для иностранных слушателей подготовительного отделения ТПУ. Цели: Овладение базовой терминологией информатики и лексическими конструкциями русского языка, используемыми в курсе информатики. Формирование базы знаний и развитие умений по курсу информатики, необходимых для дальнейшего обучения на русском языке.
Доступ по логину и паролю
Sprache:Russisch
Veröffentlicht: Томск, TPU Moodle, 2016
Schlagworte:
Online-Zugang:https://design.lms.tpu.ru/course/view.php?id=693
Format: MixedMaterials Elektronisch Buch
KOHA link:https://koha.lib.tpu.ru/cgi-bin/koha/opac-detail.pl?biblionumber=664575

MARC

LEADER 00000nlm0a2200000 4500
001 664575
005 20231102030709.0
035 |a (RuTPU)RU\TPU\network\35759 
035 |a RU\TPU\network\35757 
090 |a 664575 
100 |a 20210427a2016 m y0rusy50 ca 
101 0 |a rus 
105 |a a j 000zy 
135 |a jrcn ---uucaa 
181 0 |a i  
182 0 |a b 
200 1 |a Информатика  |e электронный курс  |f Т. В. Васильева, Н. С. Полякова  |g Национальный исследовательский Томский политехнический университет, Институт международного образования и языковой коммуникации, Кафедра междисциплинарная 
203 |a Текст  |c электронный 
210 |a Томск  |c TPU Moodle  |d 2016 
230 |a Электрон. дан. 
300 |a Заглавие с экрана 
330 |a Курс «Информатика» направлен на выполнение рабочей программы дисциплины «Информатика» для иностранных слушателей подготовительного отделения ТПУ. Цели: Овладение базовой терминологией информатики и лексическими конструкциями русского языка, используемыми в курсе информатики. Формирование базы знаний и развитие умений по курсу информатики, необходимых для дальнейшего обучения на русском языке. 
333 |a Доступ по логину и паролю 
606 1 |a Информатика  |2 stltpush  |3 (RuTPU)RU\TPU\subj\12879 
606 1 |a Русский язык  |x Для других народов  |x Учебные руководства и пособия  |2 stltpush  |3 (RuTPU)RU\TPU\subj\26400  |9 50340 
610 1 |a электронный ресурс 
610 1 |a труды учёных ТПУ 
610 1 |a электронное обучение 
610 1 |a учебные курсы 
610 1 |a русский язык для иностранцев 
610 1 |a русский язык как иностранный 
610 1 |a профессиональная лексика 
686 |a Ш141.2-96  |2 rubbk 
686 |a Ч23я73  |2 rubbk 
700 1 |a Васильева  |b Т. В.  |c лингвист  |c профессор Томского политехнического университета, доктор педагогических наук  |f 1956-  |g Татьяна Викторовна  |2 stltpush  |3 (RuTPU)RU\TPU\pers\35467 
701 1 |a Полякова  |b Н. С.  |c химик  |c ассистент Томского политехнического университета, старший лаборант  |f 1955-  |g Наталья Сергеевна  |2 stltpush  |3 (RuTPU)RU\TPU\pers\32183 
712 0 2 |a Национальный исследовательский Томский политехнический университет  |b Институт международного образования и языковой коммуникации  |b Кафедра междисциплинарная  |h 3526  |2 stltpush  |3 (RuTPU)RU\TPU\col\19012 
801 2 |a RU  |b 63413507  |c 20220331  |g RCR 
856 4 |u https://design.lms.tpu.ru/course/view.php?id=693 
942 |c CF